Normal view
MARC view
- السلوك-جوانب نفسيه
Entry Topical Term
001 - CONTROL NUMBER
- control field: 63268
003 - CONTROL NUMBER IDENTIFIER
- control field: JO-AjAnu
005 - DATE AND TIME OF LATEST TRANSACTION
- control field: 20230606084328.0
008 - FIXED-LENGTH DATA ELEMENTS
- fixed length control field: 230606|| aca||aabn | a|a d
040 ## - CATALOGING SOURCE
- Original cataloging agency: JO-AjAnu
- Transcribing agency: JO-AjAnu
150 ## - HEADING--TOPICAL TERM
- Topical term or geographic name entry element: السلوك-جوانب نفسيه
670 ## - SOURCE DATA FOUND
- Source citation: Work cat.: (JO-AjAnu)32256: اعداد الصمادي، نجاح محمود عبدالله؛ اشراف محمد احمد شحاده العمري, author 63267, درجة استخدام استراتيجية تحليل السلوك والفاعلية الذاتية لدى معلمي غرف مصادر التعلم في محافظة اربد = The Degree of Using the Strategy of Behavior Analysis and Self-Efficacy Among Learning Resource Room Teachers in Irbid Governorate